Περιηγητικά θέματα : υποδομή και προσεγγίσεις = On travel literature and related subjects : references and approaches
Αποθηκεύτηκε σε:
| Συγγραφή απο Οργανισμό/Αρχή: | |
|---|---|
| Άλλοι συγγραφείς: | |
| Μορφή: | Βιβλίο |
| Γλώσσα: | Greek English |
| Δημοσίευση: |
Αθήνα :
Κέντρον Νεοελληνικών Ερευνών ΕΙΕ,
1993.
|
| Σειρά: | Τετράδια εργασίας ;
v.17 |
| Θέματα: | |
| Ετικέτες: |
Προσθήκη ετικέτας
Δεν υπάρχουν, Καταχωρήστε ετικέτα πρώτοι!
|
MARC
| LEADER | 00000cam a2200000 i 4500 | ||
|---|---|---|---|
| 001 | 1/58766 | ||
| 008 | 071015s1993 gr | ||| |||| ||gre|| | ||
| 020 | |a 9607094212 | ||
| 035 | |l 10091544 | ||
| 040 | |a GR-MY-UA |b gre |e aacr | ||
| 041 | 0 | |a gre |a eng | |
| 082 | 7 | |a 011.09 |2 (22) | |
| 110 | 2 | |a Εθνικό Ιδρυμα Ερευνών. |b Ινστιτούτο Νεοελληνικών Ερευνών. | |
| 245 | 1 | 0 | |a Περιηγητικά θέματα : |b υποδομή και προσεγγίσεις = On travel literature and related subjects : references and approaches / |c Κέντρον Νεοελληνικών Ερευνών Εθνικού Ιδρύματος Ερευνών ; επιμέλεια: Λουκία Δρούλια. |
| 260 | |a Αθήνα : |b Κέντρον Νεοελληνικών Ερευνών ΕΙΕ, |c 1993. | ||
| 300 | |a 558 σ. : |b πίν. ; |c 24 εκ. | ||
| 490 | 1 | |a (Τετράδια εργασίας ; |v vol.17) | |
| 504 | |a Περιλαμβάνει βιβλιογραφικές παραπομπές. | ||
| 650 | 0 | 0 | |a Travelers' writings, European |x History and criticism. |
| 650 | 0 | 0 | |a Names, Geographical |z Greece. |
| 650 | 0 | 0 | |a Names, Geographical |z Balkan Peninsula. |
| 650 | 0 | 0 | |a Bibliography. |
| 651 | 0 | |a Balkan Peninsula |x Description and travel |x Bibliography. | |
| 700 | 1 | |a Δρούλια, Λουκία, |e edtf | |
| 830 | 0 | |a Τετράδια εργασίας ; |v v.17 | |
| 852 | |a INST |b LESVOS |e 20071015 |h 011.09 ΕΘΝ |p 005100039008 |q 005100039008 |t BK |y 0 | ||
| 901 | |a BIBL1-2007-3 | ||
| 909 | |a Λ |b 138801 | ||
| 922 | |a 1ΕΛΗ |b 200708 |c ΕΠΕΑΕΚ2/ΤΚΑ |d Σ. ΠΑΤΑΚΗΣ | ||
| 970 | |a ΒΑΡΚΑ |b ΕΛΕΥΘΕΡΙΑ |z 2007/10/15 | ||